000 00652nam a2200241Ia 4500
003 OSt
005 20221007070846.0
006 a|||||r|||| 00| 0
007 ta
008 221006b |||||||| |||| 00| 0 eng d
024 _a7,029
037 _cTextual
040 _aFLL
_cFLL
_beng
041 _2eng
_aeng
082 _a213, M5
100 _aVerma Subhas Chandra Au.
_9687855
245 0 _aNational library information system
260 _aJaipur
_bPrintwell pub. India
_c1985
300 _aviii,172p
_ccm.
650 _aLibrary science
942 _h213, M5
_cTEXL
_2CC
999 _c1141758
_d1141758